| 000 | 00766nam a22002057a 4500 | ||
|---|---|---|---|
| 999 |
_c13681 _d13681 |
||
| 003 | AR-CdUCM | ||
| 008 | 190416b ||||| |||| 00| 0 spa d | ||
| 020 | _a978-612-301-843-6 | ||
| 040 |
_aMUNICIPALIDAD PROVINCIAL DEL CUSCO _cBIBLIOTECA MUNICIPAL DEL CUSCO |
||
| 082 |
_aEP / 808.6 / _bQ99 |
||
| 110 |
_aQG editores, S.A.C. _932152 |
||
| 245 | _aLa Odisea / | ||
| 260 |
_aLima : _bQG editores, S.A.C., _c2013. |
||
| 300 |
_a6 tomos ; _c20 cm. |
||
| 505 | _aContenido :T.1. La promesa de Penélope -- t.2. La tragedia de Odiseo -- t.3. La venganza del Cíclope -- t.4. Terror en los mares -- t.5. El regreso a Ítaca -- t.6. Reencuentro y venganza . | ||
| 650 |
_aHistorias _92725 |
||
| 650 |
_aCuentos _9217 |
||
| 942 |
_2ddc _cLIBROS |
||
| 945 |
_arum _d2019-04-16 |
||